| 000 | 00823cab a2200265 4500 | ||
|---|---|---|---|
| 001 | ABS53435 | ||
| 008 | 090401t1995 xxu||||| |||| 00| 0 eng d | ||
| 035 | _a(Sirsi) u4165 | ||
| 041 | _aeng | ||
| 245 | _aManaging staff access to the Intenet | ||
| 260 | _c1995 | ||
| 350 | _a0 | ||
| 490 |
_aFarmland Market _v2(6) August 1995, 14-15(2) |
||
| 520 | _aAdvises companies of the legal implications of employees access to the Internet raising matters such as corporate liability, security, updating staff manuals and netiquette. | ||
| 650 | _aCONFIDENTIALITY | ||
| 650 | _aCORPORATE LIABILITY | ||
| 650 | _aINTERNET | ||
| 650 | _aNETIQUETTE | ||
| 650 | _aSECRECY | ||
| 650 | _aSECURITY | ||
| 690 | _aMANAGEMENT-BUSINESS MANAGEMENT-INFORMATION MANAGEMENT | ||
| 690 | _aLAW | ||
| 942 | _n0 | ||
| 948 | _c04/03/1997 | ||
| 999 |
_c2491 _d2491 |
||